[Event "Match 77__120'/40"]
[Site "Zürich"]
[Date "2024.??.??"]
[Round "13"]
[White "Super Forte C 6 MHz sel. 4"]
[Black "Mephisto Polgar sel. 5"]
[Result "1-0"]
[WhiteElo "2009"]
[BlackElo "1981"]
[Annotator "Utzinger,K"]
[PlyCount "150"]
[EventDate "2024.??.??"]
[SourceVersionDate "2024.04.21"]

{[%evp 0,150,19,29,25,6,26,27,42,7,16,-20,-1,-3,-7,4,7,14,13,15,12,12,9,9,15,7,22,-51,-45,-29,-37,-37,11,-45,-41,-42,-12,4,38,36,29,29,41,8,9,-19,-11,-36,-25,-40,0,-48,-45,-57,-37,-64,42,2,-31,-31,-22,-67,-106,-156,-219,-221,-216,-268,-182,-447,-147,-140,200,200,200,200,200,200,253,253,246,240,267,238,245,274,274,267,267,221,221,221,221,221,221,215,286,301,337,299,311,316,363,363,333,267,316,252,280,300,463,436,461,451,570,570,570,498,502,526,525,530,530,530,657,662,668,672,713,727,727,748,748,748,799,826,1260,861,1418,1016,1255,1308,1308,1736,29981,29982,29983,29984,29985,29986,29987,29992,29993]} 1. e4 e5 {Match 120'/40 | Bediener: Rolf Bühler | 13. Partie: Weiss (Super Forte C) gewinnt | Zwischenstand: 6,5-6,5 (50%) Gleichstand; hypothetisch: 7,0-6,0 (53,8%) für Super Forte C | Buchzüge total: Super Forte C = 142 Mephisto Polgar = 138 | Der Super Forte C wartet mit dem heiklen Königsgambit auf. Gegen die selten angewandte Keene-Verteidigung mit 2...Dh4+ und 3...De7 gelingt es Weiss nicht, Vorteil zu erlangen. Der weitere Kampf gestaltet sich schwierig, bis Schwarz (Polgar) mit 27...Dc6 fehlgreift und mindestens einen Bauern hätte verlieren müssen. Weiss nützt seine Chance nicht aus, sondern gerät mit 31.Dxd3? auf die Verliererstrasse. Schon sieht es nach einem komfortablen Sieg aus für den Mephisto Polgar. Durch den taktischen Missgriff 35....Lxg2? verscherzt sich Schwarz aber nicht nur den Gewinn, sondern ebnet dem Gegner den Weg zum Sieg.} 2. f4 Qh4+ {Ein seltsam anzusehender Zug, aber durchaus spielbar.} (2... Bc5 3. Nf3 d6 {ist das normale Abgelehnte Königsgambit, eine gute und logische Verteidigung, die all den enormen Verwicklungen aus dem Weg geht, die nach 2...exf4 entstehen können.} 4. c3 Nf6 5. d4 exd4 6. cxd4 Bb6 $11) (2... exf4 {das angenommene Königsgambit öffnet eine Fülle von System und Varianten.}) 3. g3 Qe7 {Diese Form des Abgelehnten Königsgambits, Keene Verteidigung, ist ein rarer Gast in der Turnierarena.} 4. fxe5 {Damit lässt sich kein Vorteil erzielen.} (4. Nc3 d6 5. d3 g6 6. Nf3 c6 7. Bg2 Bg7 8. O-O Nf6 $14 {Erwartungswert für Weiss 71% (+41% =59% -0%)}) 4... d6 5. Nc3 (5. exd6 Qxe4+ 6. Qe2 Qxe2+ 7. Nxe2 Bxd6 8. Bg2 {ist eine Variante mit leichtem Vorteil für Weiss. Aber für einen Königsgambit-Spieler macht der frühe Damentausch natürlich keinen Spass.} (8. d3 Bd7 9. Bg2 Bc6 10. Bxc6+ Nxc6 11. Bf4 Bxf4 12. Nxf4 Nf6 {½-½ (12) Andersson,U-Keene,R Nice 1974})) 5... dxe5 6. d3 {***ENDE BUCH***} (6. Nge2 Nf6 7. Bg2 Be6 8. O-O Nc6 9. Kh1 $6 Qc5 $6 10. a3 Ng4 $2 11. Qe1 a5 $6 12. b4 Qb6 $2 $18 13. bxa5 $2 $11 Qxa5 14. Rb1 Qa6 15. Nd5 O-O-O 16. Rb3 Bc5 17. h3 h5 18. d3 f6 19. Rb1 Nd4 20. Nxd4 Bxd4 21. Ne7+ Kb8 $11 22. Ng6 $6 Rh7 $15 23. hxg4 $2 $19 hxg4+ 24. Nh4 Ba2 25. Rb4 g5 26. c3 Bc5 27. Rb2 gxh4 28. gxh4 Bf7 29. d4 Bxa3 30. Rbf2 Be7 31. dxe5 Rxh4+ 32. Kg1 Bc5 33. Be3 Qb6 34. Re2 Bc4 35. Qxh4 Bxe3+ 36. Rxe3 Qxe3+ 37. Qf2 Qxc3 38. Qxf6 Qd4+ 39. Qf2 Bxf1 40. Qxd4 Rxd4 41. Kxf1 b5 42. Kf2 Rd2+ 43. Kg3 Rxg2+ 44. Kxg2 b4 45. e6 Kc8 46. Kg3 Kd8 47. Kxg4 b3 48. Kf4 b2 49. Kf5 b1=Q 50. Ke5 {0-1 (50) Fidelity Excel Mach III (2013)-Mephisto Polgar sel. 5 (1981) Zurich 2024}) 6... Nf6 {***ENDE BUCH***} 7. Nf3 Nc6 8. Bg2 (8. Bg5 Qb4 9. Rb1 h6 10. Bxf6 gxf6 11. Nd2 Be6 12. Nd5 Bxd5 13. exd5 Ne7 14. Qf3 O-O-O 15. Qxf6 Rg8 16. c4 Qa4 17. a3 Rg6 18. Qxf7 c6 19. Bh3+ Kb8 20. Be6 cxd5 21. cxd5 Qd4 22. Ke2 Rxe6 23. Qxe6 Nxd5 24. Qf5 Bc5 25. Nc4 Re8 26. Qg6 Qf2+ 27. Kd1 Rd8 28. Re1 Ne3+ 29. Rxe3 Bxe3 30. Qe4 Bd4 31. Qe2 Qf7 32. a4 Qd7 33. b3 Rf8 34. Nxe5 Bxe5 35. Qxe5+ Ka8 36. Kd2 Rf2+ 37. Ke3 Rf8 {½-½ (37) Obukhov,A (2444)-Solovjov,S (2457) Alushta 2002 CBM 092 [Bangiev,Alexander J]}) 8... Be6 9. O-O Qc5+ 10. Kh1 h6 {Nichts sprach auch gegen die lange Rochade, um hernach am anderen Flügel einen Angriff gegen die weisse Königsstellung einzuleiten.} 11. Qe1 {Zwecks Le3 und Entwicklung mit Tempo.} Be7 (11... Nd4 {ist eine Spur genauer.} 12. Nxd4 Qxd4 13. Be3 Qd7 $11) 12. Be3 Nd4 13. Nh4 {Trotz wenig Schachwissen und äusserst beschränkter Rechenkapazität lieben es unsere Oldies, alles komplizierte als notwendig zu gestalten. Ansonsten hätte man den schwarzen Springer auf d4 getauscht.} Ng4 14. Nf5 {Weiss ist bereit, den Le3 tauschen zu lassen und das Läuferpaar herzugeben. Besser war jedenfalls 14.Lg1.} Nxe3 15. Nxe3 O-O 16. Rf2 {Deckt den c2-Bauern, um Se3-d5 fortsetzen zu können.} c6 {Schwarz schiebt dem gegnerischen Plan den Riegel.} 17. Na4 Qb5 18. b3 c5 19. Nc3 Qd7 20. Ncd5 Rad8 21. Nxe7+ {Da der Riesenspringer in dieser Stellung wertvoller ist als der schwarze Läufer, kommt dieser Tausch dem Schwarzen leicht entgegen.} Qxe7 $11 {Noch immer befindet sich die Stellung im Gleichgewicht.} 22. a3 {Hinter diesem Bauernvorstoss vermag ich keinen Sinn zu erkennen. Logisch war 22.a4, was den folgenden, raumgreifenden Vorstoss verhindert.} b5 23. Nf5 {Exakter war 23.b4, denn nun erlangt Schwarz etwas Vorteil.} Qc7 24. Qe3 Rd7 $6 {Vergibt nicht nur seinen geringen Vorteil, sondern gibt diesen gar an Weiss ab. Deshalb waren sowohl 24...Dd7 als auch 24...f6 besser.} 25. Bh3 $6 {Weiss revanchiert sich ebenfalls mit einer Ungenauigkeit.} (25. Nxh6+ $1 {erobert einen Bauern, denn nach} gxh6 26. Rf6 Rd6 27. Qxh6 Rfd8 28. Qh5 Bc8 (28... Rb6 $2 29. Rh6 $18) 29. Qxe5 {hat Weiss bei etwas besserer Stellung und geschwächter schwarzer Königsstellung drei Bauern für die Figur}) 25... Rfd8 $6 $11 {Ergreift nicht die Gelegenheit für Vorteil.} (25... c4 26. dxc4 (26. bxc4 bxc4 $17) 26... bxc4 27. b4 c3 $17) 26. Raf1 $2 $17 {Verpasst den mit 26.Sxh6+ möglichen Ausgleich.} a6 $11 (26... Nxf5 27. Bxf5 Bxf5 28. Rxf5 c4 $17 {mit schwarzem Vorteil}) 27. Bg2 {Selbst jetzt war Sxh6+ noch gut möglich.} Qc6 $2 {[%mdl 2] Notwendig war 27...Lxf5=} 28. Kg1 $2 (28. Nxh6+ $1 {erobert ohne Nachteil einen Bauern, denn} gxh6 $2 {würde wohl verlieren} 29. Qxh6 Qd6 30. Qg5+ Kf8 31. Rf6 Ke8 (31... Re7 32. c3 Nxb3 33. Qh5 $18) 32. c3 Nxb3 33. Qg8+ Qf8 34. Rxe6+) 28... c4 $1 29. bxc4 bxc4 30. Rc1 cxd3 {Noch stärker war 30...Tc8 usw.} (30... Rc8 31. dxc4 Qxc4 32. Bf1 Qc6 $17 {und obwohl Schwarz klar besser steht, wäre der Kampf unter den beiden Oldies natürlich noch nicht entschieden.}) {[#]} 31. Qxd3 $2 $19 {[%mdl 32770] Verlustzug für Super Forte C, der 31.cxd3 hätte spielen sollen.} Nxf5 32. exf5 Qc5 {Nach diesem Fesslungszug gibt es für Weiss keine genügende Verteidigung mehr.} 33. Qf3 (33. Qf1 Bc4 34. Qe1 e4 $1 35. Bxe4 (35. Qxe4 $4 Rd1+ {usw.}) 35... Re7 36. f6 gxf6 37. Qb4 Qxb4 38. Bh7+ Kxh7 39. axb4 Re4 $19) 33... Bd5 34. Qg4 Qxa3 {Die Engines erachten 34...Lxg2 als genauer.} (34... Bxg2 35. Kxg2 Rd2 36. Rcf1 Qxc2 $19) 35. Rd1 {[#]} Bxg2 $2 $18 {Ein schlimmer taktischer Fehler, der das Blatt völlig zugunsten von Weiss wendet.} 36. Rxd7 Rxd7 37. f6 $1 {Diesen Zwischenzug, der Matt auf g7 droht und gleichzeitig den Td7 durch die Dame angreift, muss der Mephisto Polgar bei seinem Zug 35...Lxg2 übersehen haben.} Qf8 38. Qxd7 Ba8 {Bringt den angegriffenen Läufer in Sicherheit.} 39. fxg7 Kxg7 {Die Konstellation von weisser Turm gegen Läufer und Bauer wäre an sich noch nicht dramatisch. Ins Gewicht fällt indessen die geschwächte schwarze Königsstellung. Ferner der Umstand, dass Schwarz seinen Freibauern auf der a-Linie nicht wird halten können. Und schliesslich darf die Kraft des weissen Freibauern auf der c-Linie nicht ausser acht gelassen werden.} 40. Qg4+ Kh8 41. Qe6 Kg7 42. Qf6+ Kg8 43. Qxe5 Qd8 44. Rf4 Qb6+ 45. Qd4 Qb1+ 46. Rf1 Qb7 (46... Qxc2 $4 47. Qd8+ Kg7 48. Qf6+ Kh7 49. Qxf7+ Kh8 50. Qf8+ Kh7 51. Rf7+ Kg6 52. Rg7+ Kh5 53. Qf7+ Qg6 54. Qxg6#) 47. Kf2 a5 48. Ke3 Qe7+ 49. Kd2 Qg5+ 50. Qf4 Qd5+ 51. Kc1 Qa2 52. Rf2 Qe6 53. Rd2 Bd5 54. Rd4 Kf8 55. Kd2 {Bringt Schwarz in Zugzwang.} a4 (55... Kg7 56. Qg4+ Kf6 57. Qxe6+ Kxe6 58. Ra4 $18) 56. c4 {Gegen 56.Txa4 sprach natürlich nichts.} Bg2 57. Rd6 Qe7 58. Qxh6+ Kg8 59. Qf6 {Erzwingt den Damentausch, weil ansonsten Td8 mit Vernichtung folgt.} Qxf6 60. Rxf6 {Damit ist der Fall erledigt und Weiss gewinnt leicht.} Bh3 61. Ra6 Bd7 62. c5 Bb5 63. Rb6 Bd7 64. c6 Bh3 65. c7 Bf5 66. Ra6 Kg7 67. Rxa4 Kg6 68. h4 Bc8 69. Ra8 Bd7 70. Rd8 Bf5 71. g4 Bxg4 72. Rg8+ Kh5 73. Rxg4 Kxg4 74. c8=Q+ Kxh4 75. Qf5 f6 {***AUFGEGEBEN***} 1-0

[Event "Match 77__120'/40"]
[Site "Zürich"]
[Date "2024.??.??"]
[Round "14"]
[White "Mephisto Polgar sel. 5"]
[Black "Super Forte C 6 MHz sel. 4"]
[Result "1-0"]
[WhiteElo "1981"]
[BlackElo "2009"]
[Annotator "Utzinger,K"]
[PlyCount "126"]
[EventDate "2024.??.??"]
[SourceVersionDate "2024.04.21"]

{[%evp 0,126,19,-12,11,10,10,25,27,7,16,9,11,-39,16,-29,-10,-33,53,50,57,47,47,49,82,88,88,58,72,68,69,104,67,86,95,97,105,105,109,122,117,114,127,127,122,124,128,125,121,127,140,135,139,138,138,131,145,146,147,131,135,135,193,211,211,211,209,217,232,228,235,244,336,314,314,323,314,253,314,299,314,219,314,219,237,181,218,199,207,205,196,196,238,191,195,179,187,186,199,202,294,310,305,368,368,391,411,421,421,349,449,448,497,547,631,660,758,989,1012,1014,1022,1429,1459,1479,1479,1522,29983,29986,29989]} 1. c4 c5 {Match 120'/40 | Bediener: Rolf Bühler | 14. Partie: Weiss (Mephisto Polgar) gewinnt | Zwischenstand: 7,5-6,5 (53,5%) für Mephisto Polgar; hypothetisch: 7,0-7,0 (50%) Gleichstand | Buchzüge total: Super Forte C = 147 Mephisto Polgar = 142 | Die Partie wird geprägt durch ein schwieriges (Doppel-)Turmendspiel mit einem schliesslich besseren Ende für den Mephisto Polgar.} 2. Nc3 Nc6 3. Nf3 Nf6 4. g3 {***ENDE BUCH***} e6 5. Bg2 d5 {***ENDE BUCH***} 6. d3 {Eine zahme Fortsetzung, mit der Weiss keinen Eröffnungsvorteil erzielen kann.} (6. cxd5 exd5 7. d4 cxd4 8. Nxd4 Bc5 $11 9. Nb3 (9. Nxc6 bxc6 $11 {½-½ (36) Sjugirov,S (2703)-Predke,A (2689) Chennai 2023}) 9... Bb6 10. Na4 O-O 11. Nxb6 axb6 $11 {½-½ (41) Le,Q (2728)-Caruana,F (2764) Chess.com INT 2023}) 6... Be7 7. Bg5 O-O 8. O-O Bd7 {Natürlich kein Fehler, aber auch keine Fortsetzung, die einen starken Schachspieler verraten würde. Zweckmässiger sind 8...h6 oder 8...d4 usw.} 9. Bxf6 Bxf6 10. cxd5 exd5 11. Nxd5 Bxb2 12. Rb1 Bc8 13. Rxb2 Qxd5 $16 {Die von Weiss gewählte Abwicklung hat zu positionellem Vorteil für den Anziehenden geführt.} 14. Qd2 (14. Qa4 Qe6 15. Rc1 b6 16. d4 $16) 14... b6 $6 {Die Öffnung der grossen Diagonale ist hier verfrüht.} 15. d4 Bb7 16. Ne5 Qd6 17. Nxc6 {Grösserer Vorteil war mit 17.Sc4! zu haben.} Bxc6 18. dxc5 Qxd2 19. Rxd2 Bxg2 {[#]} 20. Kxg2 {Eine kritische Stellung. Weiss hat vorübergehend einen Bauern mehr. Und logisch für den Super Forte C, dass er den Bauern schlägt. Dabei gerät er aber in ein schlechtes Doppel-Turmendspiel. Deshalb ist die allgemeine Regel in Turmendspielen wichtig: Lieber einen Bauern weniger, dafür aber aktive Türme. In diesem Sinne sollte 20...Tfc8 geschehen. In der weiteren Folge: Nach Möglichkeit auf einen Turmtausch verzichten, weil es hernach zu einem für Schwarz schwierigen Endspiel mit 4 gegen 3 Bauern am Königsflügel kommen kann. Solange Schwarz beide Türme auf dem Brett lässt, hat es Weiss schwer, Fortschritte zu machen. Die weissen Ziele sind natürlich umgekehrt und können vielleicht dauerhaft nicht verhindert werden.} bxc5 $6 (20... Rfc8 $1 21. cxb6 axb6 22. Rb1 Ra6 23. Rb4 (23. Rdb2 g6 24. Rxb6 Rxa2 $11) 23... g6 24. a4 Ra7 25. g4 Kg7 26. h4 (26. Rxb6 Rc4 $11) 26... Rc3 27. Rd3 Rc2 28. Kf3 Ra2 29. Rdd4 Ra3+ 30. e3 Ra1 31. Rxb6 R1xa4 32. Rxa4 Rxa4 {und der Kampf wird noch lange nicht entschieden sein.}) 21. Rc1 Rac8 22. Rdc2 Rfd8 23. Rxc5 Rxc5 24. Rxc5 $16 {Da Schwarz nun ...Td2 wegen dem Grundlinienmatt nicht zur Verfügung hat und der weisse Turm aktiv eingesetzt werden kann, hat Schwarz eine schwere bis wohl unlösbare Aufgabe zu lösen.} Kf8 {[#]} 25. Rc7 {Die logisch aussehende Fortsetzung. Es überrascht deshalb, dass die Engines durchwegs der Meinung sind, dass 25.Ta5 die optimale Fortsetzung darstellt mit einem Erwartungswert von 100% für Weiss. Nach 25.Tc7 sinkt der Erwartungswert auf fast unglaubliche 52%. Im stillen Kämmerlein werde ich mich für längere Zeit mit dieser Stellung auseinandersetzen, um wieder etwas zu lernen.} ({Dragon 3.1 by Komodo Chess 64-bit:} 25. Ra5 Rd2 26. e3 Rd7 27. h4 Rc7 28. g4 Ke7 29. e4 Kf6 30. Kg3 Re7 31. Kf3 g6 32. Kf4 Rc7 33. a4 Kg7 34. f3 Rd7 35. Ra6 Rb7 36. e5 Rb4+ 37. Ke3 Rb7 38. a5 Kf8 39. Ke4 Rc7 40. Kd5 Re7 41. f4 Rb7 42. Kd6 Re7 43. Rc6 Re8 44. Kc7 h5 45. gxh5 gxh5 46. Kb7 Re7+ 47. Kb8 a6 48. Rxa6 {[%eval 748,42]}) ({Stockfish 16.1:} 25. Ra5 Ra8 26. Ra6 g5 27. Kf3 Re8 28. e3 Re5 29. Rxa7 h5 30. a4 Rc5 31. Rd7 Kg7 32. h4 gxh4 33. gxh4 Rf5+ 34. Ke2 Ra5 35. Rd4 Rc5 36. Rd2 Kf6 37. Ra2 Ra5 38. Kd3 Kf5 39. f3 Ke6 40. Kc4 Kd7 41. Kb4 Rf5 42. f4 Kc6 43. Rc2+ Kb6 44. Rg2 f6 45. Rd2 Kc7 46. Rd4 Kb6 47. Rd3 Kc6 48. Rc3+ Kb6 {[%eval 447,44] [%wdl 1000,0,0]}) 25... a5 26. Ra7 Rd5 $2 {[%mdl 2] Zu passiv und schlecht, so dass der weisse Vorteil nun übermächtig werden könnte.} (26... Rd2 $1 {Dieser aktive Turmzug hätte die Partie gerettet.} 27. Rxa5 Rxe2 {Das ist eine theoretische Remisstellung, was natürlich im Kampf von Oldies gegeneinander nichts bedeuten muss.}) 27. e4 $2 {[%mdl 32768] Dieser Vorstoss verdient gemäss den Engines ein Fragezeichen, weil damit der Sieg verlorengeht. Denn nun könnte Schwarz mit Angriff auf den e4-Bauern durch 27...Td4! die in der Variante 26...Td2 gezeigte Remisposition erreichen.} ({Stockfish 16.1:} 27. e3 g6 28. h4 Kg7 29. a4 Rf5 30. Kf1 Rc5 31. Ke1 Rf5 32. Ke2 Rd5 33. Rb7 Kf6 34. Rc7 Kg7 35. Ra7 h5 36. Rc7 Re5 37. f3 g5 38. e4 g4 39. Ke3 gxf3 40. Kxf3 Kg6 41. Rc6+ f6 42. Kf4 Re7 43. Rc5 Rb7 (43... Ra7 44. g4 hxg4 45. Kxg4 $18) 44. Rxa5 Rb4 45. Ra8 Rb1 46. a5 Kh7 47. Kf5 Rf1+ 48. Ke6 Re1 49. Kd5 Rd1+ 50. Kc4 {[%eval 411,46] [%wdl 1000,0,0]}) 27... Rc5 $6 {Danach muss Schwarz um den Ausgleich bangen.} (27... Rd4 28. Rxa5 (28. f3 Rd2+ 29. Kh3 Rxa2 $11) 28... Rxe4 $11) 28. a4 g5 29. f4 Rc2+ 30. Kf3 Rxh2 $2 {Eine unverständliche Reaktion. Richtig war natürlich vorerst 30...gxf4 31.gxf4 und dann 31...Txh2, obwohl Weiss auch dann besser steht. Aber nach dem Textzug ist Schwarz rettungslos verloren.} (30... gxf4 31. gxf4 Rxh2) 31. fxg5 Rh1 32. Rxa5 {Der Rest sollte nur noch eine technische Sache sein. Davon hat aber der Mephisto Polgar wenig Ahnung.} Rf1+ 33. Ke3 Re1+ 34. Kf4 Rf1+ 35. Ke5 Kg7 {Eine gute Reaktion, auch wenn sich dadurch die Partie nicht mehr retten lässt.} (35... Rg1 36. Kf6 Rf1+ 37. Rf5 Rc1 38. a5 Rc3 39. Rd5 Rc6+ 40. Ke5 Ke7 41. Kd4 Ke6 42. Re5+ Kd7 43. Rc5 Rg6 44. Rf5 Ke7 45. Kc5 $18) 36. Ra8 Rg1 37. Kf4 Rf1+ 38. Ke3 Re1+ 39. Kf3 Rf1+ 40. Ke2 Rg1 41. Kf2 Ra1 42. g4 h6 43. gxh6+ Kxh6 44. Kg3 Kg5 45. Ra5+ Kf6 46. g5+ Ke6 47. Ra8 Ke5 48. Ra7 Kxe4 $2 {[%mdl 2] Schwarz macht es dem Gegner leicht, der nun mit 2 Mehrbauern verbleibt. Ich bin mir nicht sicher, ob Weiss bei bester Verteidigung des Nachziehenden die Partie hätte gewinnen können.} 49. Rxf7 Rg1+ (49... Rxa4 {scheitert an} 50. Rf4+ Ke5 51. Rxa4) 50. Kh4 Rh1+ 51. Kg4 Rg1+ 52. Kh5 Rh1+ 53. Kg6 Rg1 54. Rf8 Ke5 55. Rf5+ Ke6 56. a5 Ra1 57. a6 Kd6 58. Kf7 Re1 59. Rf6+ Kc7 60. g6 Rd1 61. g7 Rd7+ 62. Kg6 Rxg7+ 63. Kxg7 Kb8 {***AUFGEGEBEN***} 1-0